000 00272nam a22001097a 4500
008 250428b |||||||| |||| 00| 0 eng d
050 _aPE 1128
_b.W56
100 _aWinterowd W.Ross
245 _aRhetoric Writing
260 _aBoston
_bAllyn And Bacon INC
_c1965
942 _cBK
999 _c3227
_d3227